000 00548nam a22001937a 4500
005 20251108172527.0
008 250721s9999 xx 000 0 ara d
082 1 4 _a269.2نوا
100 1 _aنواوي، عبدالخالق
245 1 0 _aنظام المالي في الإسلام /
250 _aط2
264 1 _aبيروت :
_bالمكتبة العصرية،
300 _a154ص
650 1 7 _aالفقه الإسلامي
650 1 7 _aالإقتصاد الإسلامي
650 1 7 _aالحسبة
942 _2ddc
_cBK
999 _c81657
_d81657